7 años secuestrado por las FARC / (Registro nro. 4678)
[ vista simple ]
| 000 -LEADER | |
|---|---|
| fixed length control field | 01862nam a2200253Ia 4500 |
| 003 - CONTROL NUMBER IDENTIFIER | |
| control field | OSt |
| 005 - DATE AND TIME OF LATEST TRANSACTION | |
| control field | 20210107100430.0 |
| 008 - FIXED-LENGTH DATA ELEMENTS--GENERAL INFORMATION | |
| fixed length control field | 191128s2008 ck ab gr 000 0 spa d |
| 020 ## - INTERNATIONAL STANDARD BOOK NUMBER | |
| International Standard Book Number | 9789587047448 |
| 040 ## - CATALOGING SOURCE | |
| Original cataloging agency | CO-JMCR |
| Transcribing agency | CO-JMCR |
| 041 0# - LANGUAGE CODE | |
| Language code of text/sound track or separate title | spa |
| 082 04 - DEWEY DECIMAL CLASSIFICATION NUMBER | |
| Classification number | 986.10635 / |
| Item number | P944s |
| Edition number | 23 |
| 100 1# - MAIN ENTRY--PERSONAL NAME | |
| Personal name | Pérez Bonilla, Luis Eladio, |
| Relator term | autor |
| 9 (RLIN) | 10993 |
| 245 10 - TITLE STATEMENT | |
| Title | 7 años secuestrado por las FARC / |
| Statement of responsibility, etc. | Luis Eladio Perez Bonilla |
| 246 00 - VARYING FORM OF TITLE | |
| Title proper/short title | Siete años secuestrado por las FARC |
| 250 ## - EDITION STATEMENT | |
| Edition statement | Primera edición |
| 260 ## - PUBLICATION, DISTRIBUTION, ETC. | |
| Place of publication, distribution, etc. | Bogotá : |
| Name of publisher, distributor, etc. | Aguilar, |
| Date of publication, distribution, etc. | 2008 |
| 300 ## - PHYSICAL DESCRIPTION | |
| Extent | 256 páginas : |
| Other physical details | 1 mapa a blanco y negro ; |
| Dimensions | 24 cm. |
| 505 0# - FORMATTED CONTENTS NOTE | |
| Formatted contents note | El secuestro – La selva -- Momentos críticos -- Ingrid Betancourt -- Algunos secuestrados y guerrilleros -- Los campamentos y las marchas -- La libertad -- Posible ruta de Luis Eladio Pérez |
| 520 3# - SUMMARY, ETC. | |
| Summary, etc. | En esta obra, Luis Eladio Pérez, narra instantes tan difíciles del cautiverio del ex congresista, como los tres comas diabéticos que sufrió, el maltrato al que lo sometieron los guerrilleros que lo custodiaban y las difíciles relaciones con los demás secuestrados. "El olor a selva es un olor bastante particular, un olor húmedo, a tierra, sí, es como de humedad, un olor que se impregna en la ropa, en la piel, que se expele en el sudor. Me impresionó mucho al principio, cuando un guerrillero se acercó y sentí por primera vez ese olor, por supuesto que con el tiempo yo también lo adquirí, claro", relata, en uno de los capítulos del libro. En el libro, el ex congresista entrega detalles sobre sus intentos de fuga, uno de ellos con Ingrid Betancourt, y también explica su relación con la ex candidata presidencial durante su cautiverio. |
| 600 14 - SUBJECT ADDED ENTRY--PERSONAL NAME | |
| Personal name | Pérez Bonilla, Luis Eladio, |
| Dates associated with a name | 1953- |
| Form subdivision | relatos personales |
| 9 (RLIN) | 10113 |
| 650 14 - SUBJECT ADDED ENTRY--TOPICAL TERM | |
| Topical term or geographic name entry element | Secuestro |
| Form subdivision | relatos personales |
| 9 (RLIN) | 10994 |
| Geographic subdivision | Colombia |
| 942 ## - ADDED ENTRY ELEMENTS (KOHA) | |
| Source of classification or shelving scheme | Dewey Decimal Classification |
| Koha item type | Books |
| Withdrawn status | Lost status | Source of classification or shelving scheme | Damaged status | Not for loan | Collection code | Home library | Current library | Date acquired | Source of acquisition | Total Checkouts | Full call number | Barcode | Date last seen | Date last checked out | Copy number | Koha item type | Public note |
|---|---|---|---|---|---|---|---|---|---|---|---|---|---|---|---|---|---|
| Dewey Decimal Classification | Non-fiction | Biblioteca Pública José María del Castillo y Rada | Biblioteca Pública José María del Castillo y Rada | 08/15/2020 | Donación | 1 | 986.10635 / P944s | 201809689 | 04/01/2025 | 03/13/2025 | Ej.1 | Books | Material presenta manchas por oxido. | ||||
| Dewey Decimal Classification | Non-fiction | Biblioteca Pública José María del Castillo y Rada | Biblioteca Pública José María del Castillo y Rada | 08/15/2020 | Donación | 986.10635 / P944s | 201807312 | 05/16/2024 | Ej.2 | Books | Material presenta manchas por oxido. |